000 00482nam a2200181Ia 4500
008 240729s9999 xx 000 0 und d
022 _a2813-5083
245 0 _aFrontiers in Arachnid Science
260 _aSwitzerland
260 _bFrontiers Media S.A.
650 _a Animal biochemistry | Science
650 _a Physiology
650 _a Zoology
650 _aScience
856 _uhttps://doaj.org/toc/0efe72cdc47748739de731a39ae034b9
942 _2ddc
942 _cDOAJEJ
999 _c74687
_d74687
945 _a1
_bMadushi Gamage
_c1
_dMadushi Gamage